| 000 | 00771nam a2200265 a 4500 | ||
|---|---|---|---|
| 001 | 72727 | ||
| 003 | BD-RjUL | ||
| 005 | 20211209082313.0 | ||
| 008 | 170522s1969 enka b 001 0 eng d | ||
| 035 | _a(BD-RjUL)72945 | ||
| 040 |
_aBD-RjUL _beng _cBD-RjUL |
||
| 041 | _aeng | ||
| 082 |
_223 _a631.46 _bHAB 1969 |
||
| 100 | 1 |
_aHarley, J. L. _q(John Laker) _9215126 |
|
| 245 | 1 | 4 |
_aThe biology of mycorrhiza / _cby J.L. Harley. |
| 250 | _a2nd ed. | ||
| 260 |
_aLondon : _bLeonard Hill, _c1969. |
||
| 300 |
_axxii, 334 p. : _bill. ; _c26 cm. |
||
| 490 | 1 | _aPlant science monographs | |
| 504 | _aIncludes Bibliography ( p. 283-312) and indexes. | ||
| 650 | 0 |
_aMycorrhizas. _9215127 |
|
| 830 | 0 |
_aPlant science monographs _9205085 |
|
| 942 |
_2ddc _cBK |
||
| 999 |
_c72727 _d72727 |
||